| 000 | 00756nam a2200229 a 4500 | ||
|---|---|---|---|
| 001 | 52263 | ||
| 003 | BD-RjUL | ||
| 005 | 20211209075757.0 | ||
| 008 | 160907s1962 gw 000 0 ger | ||
| 035 | _a(BD-RjUL) 52383 | ||
| 040 |
_aBD-RjUL _cDLC _dDLC _beng |
||
| 041 | _aeng | ||
| 082 |
_223 _a516.35 _bHIN 1962 |
||
| 100 | 1 |
_aHirzebruch, Friedrich. _9151295 |
|
| 245 | 1 | 0 |
_aNeue topologische Methoden in der algebraischen Geometrie / _cF. Hirzebruch. |
| 260 |
_aBerlin : _bSpringer-Verlag, _c1962. |
||
| 300 |
_avi, 181 p. ; _c24 cm. |
||
| 490 | 1 |
_aErgebnisse der Mathematik und ihrer Grenzgebiete ; _vn.F., Heft 9 |
|
| 650 |
_aAlgebraic topology _9151184 |
||
| 830 | 0 |
_aErgebnisse der Mathematik und ihrer Grenzgebiete ; _v9. _9156354 |
|
| 942 |
_2ddc _cBK |
||
| 999 |
_c52263 _d52263 |
||